| 000 | 00931pab a2200169 454500 | ||
|---|---|---|---|
| 008 | 180718b2002 xxu||||| |||| 00| 0 eng d | ||
| 100 | _aSchachter, Hindy Lauer | ||
| 245 | _aWomen, progressive-era reform, and scientific management | ||
| 260 | _c2002 | ||
| 300 | _ap.563-78. | ||
| 362 | _aNov | ||
| 520 | _aQuestions have been raised about the relation of Progressive-Era women reformers to scientific management and the efficiency concept associated with it. This article brings evidence from organizations such as the National Consumers League and the Taylor Society to argue that in the Progressive Era female reformers belonged to a community to discourse close to scientific management. Understanding this relationship helps delineate the intellectual foundations of progressive reform. - Reproduced. | ||
| 650 | _aScientific organizations | ||
| 650 | _aWomen | ||
| 773 | _aAdministration and Society | ||
| 909 | _a54510 | ||
| 999 |
_c54510 _d54510 |
||